[Event "WinterChess masters GM/MI mayo 2013"]
[Site "Can Picafort  ESP"]
[Date "2013.05.17"]
[Round "6.4"]
[White "Arribas Lopez, Angel"]
[Black "Vishnu, Prasanna. V"]
[Result "0-1"]
[WhiteElo "2506"]
[BlackElo "2480"]
[PlyCount "44"]
[EventDate "2013.05.13"]
[EventType "tourn"]
[EventRounds "9"]
[EventCountry "ESP"]
[EventCategory "8"]
[Source "lmi"]
[SourceDate "2013.05.13"]

1. d4 Nf6 2. Nf3 d5 3. c4 e6 4. g3 Bb4+ 5. Bd2 Be7 6. Bg2 O-O 7. O-O c6 8. Qc2
Nbd7 9. Rd1 b6 10. Nc3 dxc4 11. h4 b5 12. Ng5 Qb6 13. Be3 h6 14. d5 Bc5 15.
dxc6 Bxe3 16. cxd7 Bxf2+ 17. Kf1 hxg5 18. Bxa8 Bxg3 19. e3 Bxd7 20. hxg5 Ng4
21. Qe4 Nxe3+ 22. Ke2 Nxd1 0-1

[Event "WinterChess masters GM/MI mayo 2013"]
[Site "Can Picafort  ESP"]
[Date "2013.05.17"]
[Round "6.5"]
[White "Petkov, Vladimir"]
[Black "Mascaro March, Pedro"]
[Result "0-1"]
[WhiteElo "2549"]
[BlackElo "2409"]
[PlyCount "112"]
[EventDate "2013.05.13"]
[EventType "tourn"]
[EventRounds "9"]
[EventCountry "ESP"]
[EventCategory "8"]
[Source "lmi"]
[SourceDate "2013.05.13"]

1. Nf3 Nf6 2. g3 d5 3. Bg2 c6 4. O-O Bg4 5. d4 Nbd7 6. Nbd2 e6 7. Re1 Be7 8. c3
O-O 9. e4 c5 10. e5 Ne8 11. h3 Bh5 12. g4 Bg6 13. Nf1 Nc7 14. Ng3 Na6 15. a3
Rc8 16. Bf1 Nab8 17. g5 cxd4 18. cxd4 Nc6 19. h4 Na5 20. Re2 Qc7 21. b4 Bc2 22.
Qxc2 Qxc2 23. Rxc2 Rxc2 24. bxa5 Rfc8 25. Ne2 Nb8 26. Rb1 R8c7 27. Ne1 Ra2 28.
Nd3 Bxa3 29. Bxa3 Rxa3 30. Nc5 Rxa5 31. Nxb7 Ra6 32. Nc5 Rb6 33. Ra1 Nc6 34. h5
g6 35. h6 Kf8 36. Na6 Rcb7 37. Ra4 Rb1 38. Nc3 Rc1 39. Nc5 Rb4 40. Rxb4 Nxb4
41. Nb5 Nc6 42. Nd7+ Kg8 43. Kg2 a5 44. Nd6 Nd8 45. Bb5 Rd1 46. Nf6+ Kh8 47.
Kf3 Rxd4 48. Ke3 Rb4 49. Kd3 a4 50. Kc3 a3 51. Kxb4 a2 52. Kc5 a1=Q 53. f4 Qa7+
54. Kb4 Qd4+ 55. Ka5 Qxf4 56. Kb6 Qxe5 0-1

[Event "WinterChess masters GM/MI mayo 2013"]
[Site "Can Picafort  ESP"]
[Date "2013.05.17"]
[Round "7.1"]
[White "Mascaro March, Pedro"]
[Black "Arkell, Keith C"]
[Result "1/2-1/2"]
[WhiteElo "2409"]
[BlackElo "2472"]
[PlyCount "20"]
[EventDate "2013.05.13"]
[EventType "tourn"]
[EventRounds "9"]
[EventCountry "ESP"]
[EventCategory "8"]
[Source "lmi"]
[SourceDate "2013.05.13"]

1. d4 d5 2. Nf3 Nf6 3. Bf4 e6 4. e3 Bd6 5. Bxd6 Qxd6 6. Nbd2 Nbd7 7. c4 c6 8.
Be2 O-O 9. O-O b6 10. Rc1 Bb7 1/2-1/2

[Event "WinterChess masters GM/MI mayo 2013"]
[Site "Can Picafort  ESP"]
[Date "2013.05.17"]
[Round "7.3"]
[White "Andersen, Mads"]
[Black "Arribas Lopez, Angel"]
[Result "0-1"]
[WhiteElo "2483"]
[BlackElo "2506"]
[PlyCount "76"]
[EventDate "2013.05.13"]
[EventType "tourn"]
[EventRounds "9"]
[EventCountry "ESP"]
[EventCategory "8"]
[Source "lmi"]
[SourceDate "2013.05.13"]

1. d4 Nf6 2. c4 e6 3. Nf3 c5 4. d5 b5 5. Bf4 Qa5+ 6. Nc3 bxc4 7. Bd2 d6 8. e4
e5 9. Bxc4 Be7 10. O-O O-O 11. Be3 Ng4 12. Bc1 Qd8 13. Be2 Nd7 14. Nd2 Nh6 15.
Nc4 Ba6 16. Bxh6 Bxc4 17. Bxc4 gxh6 18. Qh5 Bg5 19. g3 Bd2 20. Nd1 Kh8 21. Qe2
Bg5 22. Kh1 Rg8 23. f4 Bf6 24. Ne3 Rb8 25. Rab1 exf4 26. gxf4 Bd4 27. Nf5 Qf6
28. b3 Rg6 29. Rbd1 Rbg8 30. Qh5 Rg2 31. Bb5 Nb6 32. a4 Rb2 33. a5 Nc8 34. Nxh6
Rgg2 35. Nf5 Qg6 36. Qh4 Ne7 37. Rde1 Qg4 38. Rf3 Qxh4 0-1

[Event "WinterChess masters GM/MI mayo 2013"]
[Site "Can Picafort  ESP"]
[Date "2013.05.17"]
[Round "7.5"]
[White "Arvola, Benjamin"]
[Black "Diaz Nuñez, Adolfo"]
[Result "1/2-1/2"]
[WhiteElo "2347"]
[BlackElo "2257"]
[PlyCount "78"]
[EventDate "2013.05.13"]
[EventType "tourn"]
[EventRounds "9"]
[EventCountry "ESP"]
[EventCategory "8"]
[Source "lmi"]
[SourceDate "2013.05.13"]

1. e4 c6 2. d4 d5 3. e5 Bf5 4. h4 Qb6 5. h5 c5 6. dxc5 Qxc5 7. c3 Nc6 8. b4 Qb6
9. Qxd5 e6 10. Qb5 Qc7 11. Nf3 Nge7 12. Be2 Nd5 13. Qc4 Rc8 14. O-O Qb8 15. Nd4
Bxb1 16. Rxb1 Nxe5 17. Qb5+ Nd7 18. Bb2 a6 19. Qd3 Be7 20. Bf3 Ne5 21. Qe2 Nxc3
22. Bxc3 Rxc3 23. Bxb7 Qxb7 24. Qxe5 Bf6 25. Qd6 Qe7 26. Nf5 Qxd6 27. Nxd6+ Ke7
28. Ne4 Rc2 29. Rfd1 Rd8 30. Rxd8 Kxd8 31. a4 Be7 32. b5 axb5 33. axb5 f5 34.
b6 fxe4 35. b7 Bd6 36. Rd1 Rb2 37. Rxd6+ Ke7 38. Rd4 Rxb7 39. Rxe4 Kf6 1/2-1/2

[Event "WinterChess masters GM/MI mayo 2013"]
[Site "Can Picafort  ESP"]
[Date "2013.05.18"]
[Round "8.1"]
[White "Arkell, Keith C"]
[Black "Diaz Nuñez, Adolfo"]
[Result "1/2-1/2"]
[WhiteElo "2472"]
[BlackElo "2257"]
[PlyCount "102"]
[EventDate "2013.05.13"]
[EventType "tourn"]
[EventRounds "9"]
[EventCountry "ESP"]
[EventCategory "8"]
[Source "lmi"]
[SourceDate "2013.05.13"]

1. d4 d5 2. c4 c6 3. Nf3 Nf6 4. Nc3 a6 5. Bg5 Ne4 6. Bf4 Nxc3 7. bxc3 dxc4 8.
e4 b5 9. Ne5 Be6 10. a4 f6 11. Nf3 Bf7 12. axb5 cxb5 13. g3 g6 14. h4 h5 15.
Bh3 Bg7 16. O-O O-O 17. Ra3 Nd7 18. Qa1 Nb6 19. Rxa6 Na4 20. Rxa8 Qxa8 21. Re1
Qa5 22. Bd2 Rd8 23. Rb1 e5 24. d5 Bf8 25. Ne1 Ra8 26. Bg2 Nc5 27. Qxa5 Rxa5 28.
Be3 Bd6 29. Nc2 Nb3 30. Rb2 Be8 31. f3 Bd7 32. Bf1 Kf7 33. Be2 Nc5 34. Kf2 Nb3
35. Bd1 Nc5 36. Nb4 Ra3 37. Bd2 Ra1 38. Bc2 Ra5 39. Ke2 Ke7 40. Be3 Be8 41. Kf2
Bd7 42. f4 Ra1 43. f5 gxf5 44. exf5 Na4 45. Rb1 Rxb1 46. Bxb1 Nc5 47. Bc2 Nb3
48. Ke1 Bxb4 49. cxb4 Nd4 50. Bd1 Bxf5 51. Bxh5 Kd6 1/2-1/2

[Event "WinterChess masters GM/MI mayo 2013"]
[Site "Can Picafort  ESP"]
[Date "2013.05.18"]
[Round "8.2"]
[White "Petrov, Marijan"]
[Black "Arvola, Benjamin"]
[Result "1/2-1/2"]
[WhiteElo "2489"]
[BlackElo "2347"]
[PlyCount "70"]
[EventDate "2013.05.13"]
[EventType "tourn"]
[EventRounds "9"]
[EventCountry "ESP"]
[EventCategory "8"]
[Source "lmi"]
[SourceDate "2013.05.13"]

1. e4 e5 2. Nf3 Nc6 3. Bb5 a6 4. Ba4 Nf6 5. O-O Nxe4 6. d4 b5 7. Bb3 d5 8. dxe5
Be6 9. Nbd2 Nc5 10. c3 d4 11. Bxe6 Nxe6 12. cxd4 Ncxd4 13. Nxd4 Qxd4 14. Qf3
Rd8 15. Qc6+ Qd7 16. Qxa6 Qd5 17. Qa5 Qxe5 18. a4 c6 19. Nf3 Qd5 20. Be3 Bc5
21. Bxc5 Qxc5 22. Rfc1 Qd5 23. axb5 Qxb5 24. Qxb5 cxb5 25. Ra5 Rb8 26. g3 O-O
27. b4 Rfd8 28. Ne5 Nd4 29. Rc7 f6 30. Raa7 fxe5 31. Rxg7+ Kh8 32. Rxh7+ Kg8
33. Rag7+ Kf8 34. Rf7+ Kg8 35. Rhg7+ Kh8 1/2-1/2

[Event "WinterChess masters GM/MI mayo 2013"]
[Site "Can Picafort  ESP"]
[Date "2013.05.18"]
[Round "8.3"]
[White "Arribas Lopez, Angel"]
[Black "Pilgaard, Kim"]
[Result "1/2-1/2"]
[WhiteElo "2506"]
[BlackElo "2414"]
[PlyCount "161"]
[EventDate "2013.05.13"]
[EventType "tourn"]
[EventRounds "9"]
[EventCountry "ESP"]
[EventCategory "8"]
[Source "lmi"]
[SourceDate "2013.05.13"]

1. c4 e5 2. g3 Nf6 3. Bg2 d5 4. cxd5 Nxd5 5. Nc3 Nb6 6. Nf3 Nc6 7. Rb1 Be6 8.
O-O f6 9. d3 Be7 10. Be3 O-O 11. d4 exd4 12. Nxd4 Nxd4 13. Bxd4 c6 14. b3 Qd7
15. Ne4 Bf5 16. Rb2 Ba3 17. Rd2 Qe7 18. Nc3 Bb4 19. e4 Be6 20. Rd3 Rfd8 21. Ne2
Rd7 22. Be3 Rad8 23. Rxd7 Rxd7 24. Qc2 Qe8 25. Nd4 Bg4 26. f3 Bc5 27. Rd1 Bh5
28. Kf1 Bb4 29. Ke2 Qe5 30. Bh3 Re7 31. Nf5 Re8 32. Kf2 Bf8 33. Bd4 Qa5 34. g4
Bf7 35. Bf1 Qa3 36. Kg2 c5 37. Be3 Rc8 38. Bc1 Qb4 39. Bd2 Qa3 40. Ne3 c4 41.
bxc4 Qc5 42. Rc1 Qe5 43. Qc3 Qxc3 44. Rxc3 Bb4 45. Rc2 Bxd2 46. Rxd2 Nxc4 47.
Nxc4 Bxc4 48. Bxc4+ Rxc4 49. Rd8+ Kf7 50. Rd7+ Kf8 51. Rxb7 Rc2+ 52. Kg3 Rxa2
53. h4 Ra5 54. h5 h6 55. Kf4 a6 56. Ra7 Kg8 57. Kg3 Ra3 58. Kf4 Ra5 59. Rc7 Rb5
60. Rc3 a5 61. Ke3 Rb8 62. Ra3 Ra8 63. Kd4 Kf7 64. Kd5 a4 65. f4 Ke7 66. Kc6
Ke6 67. Kb5 Kd6 68. Rd3+ Kc7 69. Kb4 Kc6 70. Ka3 Ra7 71. Rd5 Re7 72. Rd4 Ra7
73. Rd8 Kc5 74. Re8 Kd4 75. e5 fxe5 76. Rxe5 Rf7 77. g5 Rxf4 78. Re7 hxg5 79.
Rxg7 Ke5 80. Rxg5+ Kf6 81. Rd5 1/2-1/2

[Event "WinterChess masters GM/MI mayo 2013"]
[Site "Can Picafort  ESP"]
[Date "2013.05.18"]
[Round "8.4"]
[White "Petkov, Vladimir"]
[Black "Andersen, Mads"]
[Result "1/2-1/2"]
[WhiteElo "2549"]
[BlackElo "2483"]
[PlyCount "30"]
[EventDate "2013.05.13"]
[EventType "tourn"]
[EventRounds "9"]
[EventCountry "ESP"]
[EventCategory "8"]
[Source "lmi"]
[SourceDate "2013.05.13"]

1. d4 d5 2. c4 c6 3. Nf3 Nf6 4. Nc3 e6 5. g3 dxc4 6. Ne5 Nbd7 7. Nxc4 b5 8. Ne3
Bb7 9. Bg2 Qb6 10. O-O Be7 11. b3 O-O 12. Bb2 Rfd8 13. Qc2 Rac8 14. Rac1 Nd5
15. Ncxd5 cxd5 1/2-1/2

[Event "WinterChess masters GM/MI mayo 2013"]
[Site "Can Picafort  ESP"]
[Date "2013.05.19"]
[Round "9.2"]
[White "Andersen, Mads"]
[Black "Mascaro March, Pedro"]
[Result "1/2-1/2"]
[WhiteElo "2483"]
[BlackElo "2409"]
[PlyCount "120"]
[EventDate "2013.05.13"]
[EventType "tourn"]
[EventRounds "9"]
[EventCountry "ESP"]
[EventCategory "8"]
[Source "lmi"]
[SourceDate "2013.05.13"]

1. c4 e6 2. g3 Nf6 3. Bg2 d5 4. Nf3 dxc4 5. Qa4+ c6 6. Qxc4 b5 7. Qc2 Bb7 8.
O-O Nbd7 9. Nc3 Be7 10. a4 a6 11. d3 O-O 12. e4 Rc8 13. h3 Qc7 14. Bf4 e5 15.
Nxe5 Nxe5 16. d4 Bd6 17. dxe5 Bxe5 18. Bxe5 Qxe5 19. f4 Qc5+ 20. Qf2 Qxf2+ 21.
Rxf2 b4 22. e5 bxc3 23. exf6 gxf6 24. bxc3 Rfd8 25. Rb1 Ba8 26. Rb6 c5 27. Rxa6
Bxg2 28. Kxg2 Rd3 29. Rc2 Re8 30. Rc6 Ree3 31. Rxc5 Rxg3+ 32. Kh2 Rxh3+ 33. Kg1
Kf8 34. a5 Rhg3+ 35. Rg2 Rxc3 36. Rxc3 Rxc3 37. Ra2 Ke7 38. a6 Rc8 39. Kg2 f5
40. Kh3 Kf6 41. a7 Ra8 42. Kg3 Kg6 43. Kh3 Kh5 44. Ra6 f6 45. Ra1 Kg6 46. Ra3
Kh6 47. Kg3 Kg6 48. Kh4 Kh6 49. Ra1 Kg6 50. Ra6 h6 51. Ra5 Kg7 52. Kg3 Kh7 53.
Kf2 Kg6 54. Kf3 Kg7 55. Ke2 Kg6 56. Ke3 Kh5 57. Kf3 Kg6 58. Kg3 Kg7 59. Kh4 Kh7
60. Kh5 Kg7 1/2-1/2

[Event "WinterChess masters GM/MI mayo 2013"]
[Site "Can Picafort  ESP"]
[Date "2013.05.19"]
[Round "9.3"]
[White "Pilgaard, Kim"]
[Black "Petkov, Vladimir"]
[Result "0-1"]
[WhiteElo "2414"]
[BlackElo "2549"]
[PlyCount "80"]
[EventDate "2013.05.13"]
[EventType "tourn"]
[EventRounds "9"]
[EventCountry "ESP"]
[EventCategory "8"]
[Source "lmi"]
[SourceDate "2013.05.13"]

1. e4 c5 2. Nf3 d6 3. d4 cxd4 4. Nxd4 Nf6 5. Nc3 a6 6. Be3 e6 7. f3 Nbd7 8. g4
h6 9. Qd2 b5 10. O-O-O Bb7 11. a3 Rc8 12. h4 d5 13. exd5 Nxd5 14. Nxd5 Bxd5 15.
Be2 Qc7 16. Kb1 Ne5 17. Rhe1 Be7 18. g5 hxg5 19. Bxg5 Bxg5 20. Qxg5 f6 21. Qg3
Nc6 22. Qg6+ Kf8 23. Nxc6 Rh6 24. Qg4 Qxc6 25. Rd2 Rc7 26. Rf1 a5 27. Bd3 Qc5
28. Rfd1 b4 29. axb4 Qxb4 30. Be4 f5 31. Qg5 Rb7 32. c3 Bxe4+ 33. fxe4 Qxe4+
34. Kc1 Kg8 35. Rg1 Qxh4 36. Qg2 Rf7 37. Qa8+ Kh7 38. Rd8 Qf4+ 39. Kc2 Qa4+ 40.
Kd2 Rd7+ 0-1

[Event "WinterChess masters GM/MI mayo 2013"]
[Site "Can Picafort  ESP"]
[Date "2013.05.19"]
[Round "9.4"]
[White "Arvola, Benjamin"]
[Black "Arribas Lopez, Angel"]
[Result "1/2-1/2"]
[WhiteElo "2347"]
[BlackElo "2506"]
[PlyCount "46"]
[EventDate "2013.05.13"]
[EventType "tourn"]
[EventRounds "9"]
[EventCountry "ESP"]
[EventCategory "8"]
[Source "lmi"]
[SourceDate "2013.05.13"]

1. d4 Nf6 2. c4 g6 3. Nc3 Bg7 4. Nf3 O-O 5. g3 d6 6. Bg2 c6 7. O-O Qb6 8. h3
Nfd7 9. Rb1 a5 10. e4 Na6 11. Be3 Nc7 12. Qd2 a4 13. Bh6 c5 14. dxc5 Nxc5 15.
Bxg7 Kxg7 16. Rfe1 e5 17. Red1 Ra6 18. b4 axb3 19. axb3 Qb4 20. Nb5 Qxd2 21.
Nxd2 N5e6 22. Bf1 Nxb5 23. cxb5 Ra2 1/2-1/2